| 000 | 00328 a2200133 4500 | ||
|---|---|---|---|
| 001 | 85503 | ||
| 082 | _a158.4 NAH | ||
| 090 |
_c40153 _d40152 |
||
| 100 | _aAfsaneh Nahavandi | ||
| 245 | _aThe Art and Science of LeaderShip 6th/ed | ||
| 250 | _a6th | ||
| 260 |
_aBoston _bPrentice Hall _c2010 |
||
| 500 | _aDOS BS Reference Books | ||
| 942 |
_acaenust _k158.4 NAH |
||
| 999 |
_c320576 _d320576 |
||